000
00248nam a2200097Ia 4500
005
20251222114341.0
008
251222s1900||||xx |||||||||||||| ||spa||
082
_a
DVD0122/G25/2001
245
0
_a
Caetano Veloso: un caballero de fina estampa:
942
_c
DVD
999
_c
872
_d
872